Tierra o ser : la gran decisión de la filosofía contemporánea /
Contiene: 1) El sueño soñado de Husserl; 2) Heidegger y la opción por el ser; 3) La lucha por Kant; 4) Indecisiones y resolución; 5) Plessner, el olvidado; 6) El último Merleau-Ponty; 7) El joven Derrida. Un etnólogo especulativo.
Guardado en:
| Hovedforfatter: | |
|---|---|
| Format: | Bog |
| Sprog: | spansk |
| Udgivet: |
Madrid, España :
Akal,
2025, c2025
|
| Serier: | (Akal Filosofía ;
1) |
| Fag: | |
| Tags: |
Ingen Tags, Vær først til at tagge denne postø!
|
MARC
| LEADER | 00000nam^a2200000^a^4500 | ||
|---|---|---|---|
| 001 | 000630487 | ||
| 005 | 20260414000000.0 | ||
| 009 | 20260414195524.915 | ||
| 020 | |a 978-84-460-5741-3 | ||
| 037 | |a Acervo Xavier Clavigero | ||
| 041 | |a ESP | ||
| 082 | |a 190. |b VIL | ||
| 100 | |a Villacañas Berlanga, José Luis |e (autor) | ||
| 245 | 1 | 0 | |a Tierra o ser : |b la gran decisión de la filosofía contemporánea / |c J.L. Villacañas Berlanga. |
| 264 | 4 | |a Madrid, España : |b Akal, |c 2025, c2025 | |
| 300 | |a 703 p. | ||
| 336 | |a texto |b txt |2 rdacontenido | ||
| 337 | |a sin mediación |b n |2 rdamedio | ||
| 338 | |a volumen |b nc |2 rdasoporte | ||
| 440 | 1 | |a (Akal Filosofía ; |v 1) | |
| 520 | |a Contiene: 1) El sueño soñado de Husserl; 2) Heidegger y la opción por el ser; 3) La lucha por Kant; 4) Indecisiones y resolución; 5) Plessner, el olvidado; 6) El último Merleau-Ponty; 7) El joven Derrida. Un etnólogo especulativo. | ||
| 521 | |a Peticiones 2026 | ||
| 649 | |a XX | ||
| 650 | |a Criticismo - |x Historia y Crítica | ||
| 650 | |a Idealismo - |x Historia y Crítica | ||
| 650 | |a Fenomenología - |x Historia y Crítica | ||
| 650 | |a Deconstrucción - |x Historia y Crítica | ||
| 650 | |a Filosofía Moderna - |x Historia y Crítica | ||
| 650 | |a Filosofía del Siglo XIX - |x Historia y Crítica | ||
| 650 | |a Filosofía del Siglo XX - |x Historia y Crítica - |x Tema Principal | ||
| 650 | |a Filosofía - |x Historia y Crítica | ||
| 650 | |a Derrida, Jacques | ||
| 650 | |a Heidegger, Martin | ||
| 650 | |a Husserl, Edmund | ||
| 650 | |a Kant, Immanuel | ||
| 650 | |a Merleau-Ponty, Maurice | ||
| 650 | |a Plessner, Helmuth | ||
| 910 | |a Fondo General | ||
| 920 | |a Impresos - Libros | ||
| 930 | |a Colección General | ||
| 905 | |a 101 | ||
| 901 | |a 630487-10 |b IT1 |c ACC |i C2572 |u 20260414 | ||
| 902 | |a https://opac.biblio.iteso.mx/vufind/Record/000630487 | ||